000 00756nam a2200289Ia 4500
005 20260324112523.0
008 008 260324s9999 xx 000 0 eng d
020 _a9781003415763
037 _aEBOOK
040 _aCRL
040 _beng
040 _cCRL
041 _2eng
041 _aeng
084 _qCRL
100 _aMegh R. Goyal; Arijit Nath; Zoltán Kovács
_91143037
245 0 _aSustainable and Functional Foods from Plants
245 0 _bHealth Impact, Bioactive Compounds, and Production Technologies
260 _bTaylor and Francis
260 _c2024
365 _a
365 _b305
856 _uhttp://www.taylorfrancis.com/books/9781003415763
942 _cEBOOK
999 _c1732276
_d1732276